| 000 | 01035nam a22003371 4500 | ||
|---|---|---|---|
| 001 | 01107648 | ||
| 003 | DO-SdBNP | ||
| 005 | 20240614124544.0 | ||
| 007 | 01107648 | ||
| 008 | 920725s2007 ch spa | ||
| 017 |
_a _b |
||
| 020 | _a9780847701315 | ||
| 035 | _a | ||
| 040 |
_aBPMSU _bspa _cBPMSU |
||
| 082 | 4 |
_aPR863.44 _bM722s 2007 _222 |
|
| 100 | 1 |
_a Molina Iturrondo, Ángeles _d |
|
| 245 | 1 | 0 |
_aSopa de hortalizas / _cÁngeles Molina Iturrondo ; ilustraciones Nivea Ortiz Montañez _b _h |
| 260 |
_aChina : _bUniversidad de Puerto Rico, _c2007 |
||
| 300 |
_a16 p. : _bil,. ; _c21 cm |
||
| 490 | 0 | _aSerie Dos Lenguas | |
| 500 | _a | ||
| 590 | _aInventariado, 2025/VM | ||
| 650 | 4 |
_aCuentos infantiles puertorriqueños _v _2 |
|
| 650 | 4 | _aLibros ilustrados infantiles | |
| 700 | 1 |
_a Ortiz Montañez, Niveo _eilustración _d |
|
| 700 | 1 |
_aDueño Colón, Braulio _d1854-? _emúsica |
|
| 710 | 2 | _aUniversidad de Puerto Rico | |
| 900 | _6 | ||
| 910 | _aVMateo V. Control de calidad. BPMSU | ||
| 942 |
_2ddc _cBK |
||
| 999 |
_c14673 _d14673 |
||